ASME 2012 Heat Transfer Summer Conference collocated with the ASME 2012 Fluids Engineering Division Summer Meeting and the ASME 2012 10th International Conference on Nanochannels, Microchannels, and Minichannels - Volume 1: Heat Transfer in Energy Systems; Theory and Fundamental Research; Aerospace Heat Transfer; Gas Turbine Heat Transfer; Transport Phenomena in Materials Processing and Manufacturing; Heat and Mass Transfer in Biotechnology; Environmental Heat Transfer; Visualization of Heat Transfer; Education and Future Directions in Heat Transfer

Dades bibliogràfiques
Format: Electrònic Revista
Idioma:English
Publicat: ASME
Accés en línia:Full text available on ASME[2012-2012]
Off-campus access
LEADER 01438cas a2200181 a 4500
001 AALConferenceProceedingsASME000697
008 230101c9999 xx r poo 0 0eng d
020 |a 978-0-7918-4477-9 
040 |a BD-DhAAL  |c BD-DhAAL 
245 0 0 |h [electronic resource]  |a ASME 2012 Heat Transfer Summer Conference collocated with the ASME 2012 Fluids Engineering Division Summer Meeting and the ASME 2012 10th International Conference on Nanochannels, Microchannels, and Minichannels - Volume 1: Heat Transfer in Energy Systems; Theory and Fundamental Research; Aerospace Heat Transfer; Gas Turbine Heat Transfer; Transport Phenomena in Materials Processing and Manufacturing; Heat and Mass Transfer in Biotechnology; Environmental Heat Transfer; Visualization of Heat Transfer; Education and Future Directions in Heat Transfer 
260 |b ASME 
300 |a 1 online resource 
500 |a <strong>Off-Campus Access:</strong> Athens ID and Password Required 
500 |a <strong>On-Campus Access:</strong> No User ID or Password Required 
506 |a Electronic access restricted to authorized BRAC University faculty, staff and students 
538 |a Mode of access: Internet 
856 4 0 |z Full text available on ASME[2012-2012]  |u https://asmedigitalcollection.asme.org/HT/HT2012/volume/44779 
856 4 0 |z Off-campus access  |u https://go.openathens.net/redirector/bracu.ac.bd?url=https%3A%2F%2Fasmedigitalcollection.asme.org%2FHT%2FHT2012%2Fvolume%2F44779